000 00716nam a22002297a 4500
005 20170124110014.0
010 _aA-348925
020 _c60.00
035 _aA-348925
037 _bCen Lib/Ret
040 _aDPL
_bEN
082 _a344
_bCON
245 _aConsumer protection and legal control /
_cedited by P.Leelakrishnan
260 _aLucknow
_bEastern book company
270 _a34,Lal Bagh
_bLucknow
_e226001
300 _axiv,332p.
_c20cm(Hb)
500 _aIncludes bibliographical reference and index
650 _aConsumer protection
_zIndia
_918364
650 _aConsumer protection--Law and legislation
_918365
700 _aP.Leelakrishnan
_918366
942 _2ddc
_cEN
_h344
_mCON
999 _c126744
_d126744